|
|
|
|
| LEADER |
00671nam a22001817a 4500 |
| 008 |
140924b xxu||||| |||| 00| 0 eng d |
| 020 |
|
|
|a 9788184841244(hbk)
|
| 082 |
|
|
|a 302.23 NAR
|
| 100 |
|
|
|a Narula, Sumit
|
| 245 |
|
|
|a Mass communication :
|b theory and practice /
|c Sumit Narula
|
| 250 |
|
|
|a 1st ed.
|
| 260 |
|
|
|a New Delhi :
|b Regal Publications,
|c 2011.
|
| 300 |
|
|
|a 342p.
|
| 650 |
|
|
|a Mass communication
|
| 650 |
|
|
|a Mass media
|
| 942 |
|
|
|2 ddc
|c BK
|
| 999 |
|
|
|c 7834
|d 7834
|
| 952 |
|
|
|0 0
|1 0
|2 ddc
|4 0
|6 302_230000000000000_NAR
|7 0
|9 11145
|a MAIN
|b MAIN
|d 2014-09-24
|e Regal Publications, New Delhi
|g 1680.00
|l 21
|m 4
|o 302.23 NAR
|p 11455
|q 2020-04-09
|r 2020-03-10
|s 2020-03-10
|t 1
|w 2014-09-24
|y BK
|